'Taken' Quote Quiz Stats

 Plays Quiz Updated Oct 5, 2012

Support Sporcle.
Go Orange.
Score 0/16 Timer 02:00
0 Plays Today
% Correct
???
99.8%
???
92.9%
???
73.9%
???
73.5%
???
66.8%
???
56.5%
???
54.8%
???
53.6%
% Correct
???
29%
???
19.4%
???
18.8%
???
18.8%
???
18.4%
???
18.3%
???
18.3%
???
18.3%

From the Vault

All-Time UEFA Champions League Teams

by Freddie

Sports 15m
This quiz is definitely not too US-Centric.
Remove Ads.
Support Sporcle.
Get the best of Sporcle when you Go Orange. This ad-free experience offers more features, more stats, and more fun while also helping to support Sporcle. Thank you for becoming a member.

Show Comments

Extras

Top Quizzes Today


Score Distribution

Your Account Isn't Verified!

In order to create a playlist on Sporcle, you need to verify the email address you used during registration. Go to your Sporcle Settings to finish the process.

Report this User

Report this user for behavior that violates our Community Guidelines.

Details: